000 00595nam a2200229 i 4500
001 C2-0297702
003 PPAK
005 20180728075905.0
008 090521s2007 ii |||| ||||| | tam d
040 _aPPAK
_beng
_cPPAK
_erda
082 0 4 _a894.8113
_223
090 0 0 _a894.8113
_bMUV
_dG
100 0 _aMu. Varatharasan,
_eauthor
245 1 0 _aPaavai
264 1 _aChennai, India :
_bPaari Nilayam ,
_c2007
300 _a184 pages ;
_c18 cm
336 _2rdacontent
_atext
337 _2rdamedia
_aunmediated
338 _2rdacarrier
_avolume
650 1 0 _aTamil fiction
942 _ddc
_cB
999 _c102067
_d102067